<?xml version="1.0" encoding="UTF-8"?><?xml-stylesheet type="text/xsl" href="static/style.xsl"?><OAI-PMH xmlns="http://www.openarchives.org/OAI/2.0/" xmlns:xsi="http://www.w3.org/2001/XMLSchema-instance" xsi:schemaLocation="http://www.openarchives.org/OAI/2.0/ http://www.openarchives.org/OAI/2.0/OAI-PMH.xsd"><responseDate>2026-04-13T01:20:51Z</responseDate><request verb="GetRecord" identifier="oai:www.recercat.cat:10256/3538" metadataPrefix="marc">https://recercat.cat/oai/request</request><GetRecord><record><header><identifier>oai:recercat.cat:10256/3538</identifier><datestamp>2024-06-13T10:11:54Z</datestamp><setSpec>com_2072_452955</setSpec><setSpec>com_2072_2054</setSpec><setSpec>col_2072_452964</setSpec><setSpec>col_2072_453082</setSpec></header><metadata><record xmlns="http://www.loc.gov/MARC21/slim" xmlns:dcterms="http://purl.org/dc/terms/" xmlns:xsi="http://www.w3.org/2001/XMLSchema-instance" xmlns:doc="http://www.lyncode.com/xoai" xsi:schemaLocation="http://www.loc.gov/MARC21/slim http://www.loc.gov/standards/marcxml/schema/MARC21slim.xsd">
   <leader>00925njm 22002777a 4500</leader>
   <datafield ind2=" " ind1=" " tag="042">
      <subfield code="a">dc</subfield>
   </datafield>
   <datafield ind2=" " ind1=" " tag="720">
      <subfield code="a">Royo Vela, Marcelo</subfield>
      <subfield code="e">author</subfield>
   </datafield>
   <datafield ind2=" " ind1=" " tag="720">
      <subfield code="a">Martínez Garcia, Esther</subfield>
      <subfield code="e">author</subfield>
   </datafield>
   <datafield ind2=" " ind1=" " tag="260">
      <subfield code="c">2010</subfield>
   </datafield>
   <datafield ind2=" " ind1=" " tag="520">
      <subfield code="a">El conocimiento sobre los perfiles de los viajeros de bajo coste y de sus preferencias por las diversas características o atributos del vuelo es más bien escaso. La segmentación de mercados es un instrumento útil para los encargados de la toma de decisiones relacionadas con el turismo, ya sean públicos o privados. Esto es particularmente relevante en este contexto, desde el momento que el viaje de bajo coste es una nueva forma de atraer turistas a un destino turístico y no se sabe demasiado sobre las diferentes preferencias y valoraciones de estos viajeros. Este artículo evalúa la diversidad e importancia de estas preferencias mediante la identificación de diferentes segmentos de mercado aplicando un análisis de segmentación a posteriori. La segmentación se ha realizado aplicando técnicas de análisis cluster o de conglomerados sobre los datos obtenidos de una encuesta. A partir de la literatura consultada, se ha planteado como hipótesis que si bien la tarifa (bajo coste o precio bajo) es una variable de primer orden en la formación de posibles segmentos, no es la única, de forma que existen otras relativas a las características del vuelo o de la calidad percibida del destino turístico que también influyen diferenciando preferencias y generando otros potenciales segmentos de usuarios</subfield>
   </datafield>
   <datafield ind1="8" ind2=" " tag="024">
      <subfield code="a">http://hdl.handle.net/10256/3538</subfield>
   </datafield>
   <datafield tag="653" ind2=" " ind1=" ">
      <subfield code="a">Línies aèries</subfield>
   </datafield>
   <datafield tag="653" ind2=" " ind1=" ">
      <subfield code="a">Turistes</subfield>
   </datafield>
   <datafield tag="653" ind2=" " ind1=" ">
      <subfield code="a">Airlines</subfield>
   </datafield>
   <datafield tag="653" ind2=" " ind1=" ">
      <subfield code="a">Tourists</subfield>
   </datafield>
   <datafield ind2="0" ind1="0" tag="245">
      <subfield code="a">Un análisis de segmentación y perfil de los segmentos de los usuarios de vuelos de bajo coste</subfield>
   </datafield>
</record></metadata></record></GetRecord></OAI-PMH>